LEADER 02270nam0 22005053i 450 001 SBL0559396 005 20251003044357.0 020 $aIT$b759054 100 $a20010417d1975 ||||0itac50 ba 101 | $aita$cita 102 $ait 181 1$6z01$ai $bxxxe 182 1$6z01$an 183 1$6z01$anc$2RDAcarrier 200 1 $aSindacato e sistema democratico$fa cura del Centro studi CISL 210 $aBologna$cIl mulino$d[1975] 215 $a251 p.$d21 cm 225 | $aTemi e discussioni 300 $aScritti di vari 410 0$1001CFI0006595$12001 $aTemi e discussioni 500 11$aSindacato e sistema democratico$3UBO4738959$9271390 606 $aSindacati$xAttività politica$2FIR$3SBLC022851$9I 676 $a331.88$9SINDACATI$v23 676 $a331.880 1$9$v20 676 $a331.880945$9SINDACATI. Italia$v19 676 $a331.880945$9SINDACATI. Italia$v20 676 $a331.880945$9SINDACATI. Italia$v21 696 $aAssociazioni sindacali$aOrganizzazioni sindacali$aOrganizzazione sindacale 699 $aSindacati$yAssociazioni sindacali 699 $aSindacati$yOrganizzazioni sindacali 699 $aSindacati$zOrganizzazione sindacale 712 02$aCentro studi CISL$3CFIV016671$4340 791 02$aCentro studi nazionale CISL$3CFIV016673$zCentro studi CISL 791 02$aCentro studi CISL nazionale$3CFIV185143$zCentro studi CISL 791 02$aConfederazione italiana sindacato lavoratori$b : Centro studi$3CFIV185289$zCentro studi CISL 791 02$aCISL$b : Centro studi$3CFIV289602$zCentro studi CISL 791 02$aCISL$b : Centro di studi sindacali$3IEIV231537$zCentro studi CISL 801 3$aIT$bIT-000000$c20010417 850 $aIT-BN0095 901 $bNAP 01$cPOZZO LIB.$nVi sono collocati fondi di economia, periodici di ingegneria e scienze, periodici di economia e statistica e altri fondi comprendenti documenti di economia pervenuti in dono. 912 $aSBL0559396 950 0$aBiblioteca Centralizzata di Ateneo$c1 v.$d 01POZZO LIB.F. SANTI 275$e 0101 0060029865E VMA 1 v. (Precedente collocazione S 372)$fB $h20221110$i20221110 977 $a 01 996 $aSindacato e sistema democratico$9271390 997 $aUNISANNIO